| 000 | 00506nam a2200193Ia 4500 | ||
|---|---|---|---|
| 003 | GCL | ||
| 008 | 140319s9999 xx 000 0 ara d | ||
| 040 |
_aGCL / _cGCL |
||
| 082 | 0 | 4 |
_aق _b320.962 _bا ك |
| 100 | 1 | _aابراهيم حمودة | |
| 245 | 1 | 0 |
_aكلمة حق للتاريخ / _cابراهيم حمودة |
| 700 | 1 | _aابراهيم عبده | |
| 300 | _a199 ص | ||
| 490 |
_a100 قصة _v0 |
||
| 650 | 0 | 4 | _aمصر |
| 650 | 0 | 4 | _aالسياسة |
| 650 | 0 | 4 | _aالتاريخ |
| 942 |
_2ddc _cBK |
||
| 999 |
_c43713 _d43713 |
||